[Event "HUN-chT U10"]
[Site "Budapest"]
[Date "2015.08.30"]
[Round "8.4"]
[White "Fule, Simon"]
[Black "Moczar, Benedek"]
[Result "1-0"]
[WhiteElo "1426"]
[BlackElo "1258"]
[PlyCount "61"]
[EventDate "2015.08.26"]
[EventType "team-swiss"]
[EventRounds "8"]
[EventCountry "HUN"]
[SourceTitle "EXT 2016"]
[Source "ChessBase"]
[SourceDate "2015.10.08"]
[SourceVersion "1"]
[SourceVersionDate "2015.10.08"]
[SourceQuality "1"]

1. e4 e6 2. d4 d5 3. Nc3 dxe4 4. Nxe4 Nd7 5. Nf3 Ngf6 6. Bd3 Nxe4 7. Bxe4 Nf6 8. Bd3 Be7 9. 0-0 0-0 10. Re1 c5 11. h3 cxd4 12. Nxd4 h6 13. a3 b6 14. b3 Bb7 15. Bb2 Bc5 16. c4 Bxd4 17. Bxd4 Qe7 18. Qc2 Rfd8 19. Bb2 Rac8 20. Rad1 b5 21. Qe2 bxc4 22. Bxc4 Rxd1 23. Rxd1 Rc5 24. b4 Rg5 25. g3 Qc7 26. h4 Qc6 27. Rd8+ Kh7 28. Qd3+ g6 29. Kf1 Qg2+ 30. Ke2 Re5+ 31. Bxe5 1-0